| 000 | 00407cam a22001217a 4500 | ||
|---|---|---|---|
| 008 | 180718b2002 xxu||||| |||| 00| 0 eng d | ||
| 100 | _aIslam, Roumeen | ||
| 245 |
_aWhat determines the quality of institutions? _cby Roumeen Islam and Claudio E. Montenegro |
||
| 260 |
_aWashington, D.C. _bWorld Bank _c2002 |
||
| 300 | _a28p. | ||
| 440 | _aPolicy research working paper 2764 | ||
| 700 | _aMontenegro, Claudio E. | ||
| 999 |
_c287321 _d287321 |
||